000 01468nam a2200313 i 4500
005 20250331185240.0
008 080422e200400 a 001 0 spa d
020 _a978-84-96153-76-9
040 _aCO-CtgCURN
_bspa
_ccoctgcurn
049 _cint
082 0 4 _a639.2
_bR626
100 1 _aRodríguez Caeiro, María José,
_eautor.
245 1 0 _aOperaciones básicas de elaboración de conservas de pescados y mariscos :
_bguía práctica para el elaborador de conservas de pescado /
_c[autor, María José Rodríguez Caeiro].
250 _a1a ed.
260 _aVigo :
_bIdeasPropias,
_cD.L. 2004.
300 _a189 páxinas :
_bilustracións ;
_c24 cm.
336 _atexto
_btxt
_2rdacontent
337 _asen mediación
_bn
_2rdamedia
338 _avolume
_bnc
_2rdacarrier
500 _aSubtítulo da cuberta: Como seleccionar, limpiar y procesar los pescados y mariscos.
500 _aNa cub.: "Contenidos basados en el Real decreto 2022/1996, certificado de profesionalidad de la ocupación de elaborador de conservas de productos de la pesca"
504 _aBibliografía: páxinas 181-182.
650 1 4 _aConservas de peixe
_xIndustria.
650 1 4 _aProdutos da pesca
_xTratamento
_xIndustria.
740 0 _aGuía práctica para el elaborador de conservas de pescado.
740 0 _aComo seleccionar, limpiar y procesar los pescados y mariscos.
942 _aMHC
_bMHC
_cBK
_h639.2
_iR626
999 _c24037
_d24037